000 00730cam a22002531 04500
001 1138
005 20161004174408.0
035 _a(bn)678863
090 _a1138
100 _a19920714d197 m y0pory5003 ba
101 1 _cita
200 1 _aCristo, vida do homem de hoje
_fPaulo VI
_gcompil. Virgílio Levi
_gtrad. Marques Gastão
210 _aLisboa
_cLivros do Brasil,
_d[s.d.]
215 _a327[8] p.
_d22 cm
225 2 _aVida e cultura
_v34
600 _aPaulo VI
601 _aLivros do Brasil,
675 _a232
_vBN
_zpor
675 _a262.13
_vUPS
_zpor
702 1 _aLevi,
_bVirgílio
_4220
702 1 _aGastão,
_bMarques,
_f1914-
_4730
710 0 2 _aIgreja Católica.
_bPapa,
_c1963-1978 (Paulo VI)
801 0 _aPT
_bBN
_gRPC
942 _cBK